000 00721nam a22001937a 4500
999 _c28880
_d28880
003 BDDh-ASL
005 20231016062619.0
008 220609s1993 b ||||| |||| 00| 0 b d
040 _cBDDh-ASL
082 _a920.72
_bRAK
100 1 _96306
_aরহমান, নয়ন
245 1 _aখোদেজা খাতুন ১৯১৭-১৯৯০ /
246 _akhodeza Khatun 1917-1990 /
260 _aঢাকা:
_bবাংলা একাডেমী,
_c১৯৯৩।
300 _a৯৫ পৃষ্ঠা:
_c২২ সে.মি.
504 _aগ্রন্থপঞ্জি সংযুক্ত ।
650 0 _abiographical dictionary - চরিতাভিধান
_94665
942 _2ddc
_cBK